Top 10 Christmas Gifts of 1913 and 2013 Quiz Stats

 Plays Quiz not verified by Sporcle

Challenge
Share
Tweet
Embed
Score 0/20 Timer 10:00
0 Plays Today
Rank Gift % Correct
1913 # 4Doll
62.4%
1913 # 8Books
41.4%
1913 # 1Candy
38.9%
2013 # 10Lego
27.4%
1913 # 6Toy Train
24.8%
1913 # 7Oranges
21.7%
1913 # 5Gloves or Mittens
17.8%
1913 # 2Nuts
14.6%
2013 # 1Furby Boom
14.6%
1913 # 3Rocking horse
13.4%
Rank Gift % Correct
2013 # 5Big Hugs Elmo
13.4%
1913 # 10Skates
10.8%
1913 # 9Handkerchiefs
7%
2013 # 8Nerf Gun
4.5%
2013 # 9Ninja Turtles
3.8%
2013 # 3LeapPad Ultra
2.5%
2013 # 2Teksta Robotic Puppy
1.9%
2013 # 4Flying Fairy
1.9%
2013 # 6Barbie Dream House
1.9%
2013 # 7Giggly Monkey
1.9%

You're not logged in!

Compare scores with friends on all Sporcle quizzes.
Join for Free
OR
Log In

You Might Also Like...

Show Comments

Extras

Top Quizzes Today


Score Distribution

Your Account Isn't Verified!

In order to create a playlist on Sporcle, you need to verify the email address you used during registration. Go to your Sporcle Settings to finish the process.

Report this User

Report this user for behavior that violates our Community Guidelines.

Details: